Premières notions de sciences (Record no. 186527)

MARC details
000 -LEADER
campo de control de longitud fija 00747nam a2200205 i 4500
001 - NÚMERO DE CONTROL
campo de control 186527
003 - IDENTIFICADOR DE NÚMERO DE CONTROL
campo de control ES-MaACL
005 - FECHA Y HORA DE LA ÚLTIMA TRANSACCIÓN
campo de control 20250729035309.0
008 - DATOS DE LONGITUD FIJA--INFORMACIÓN GENERAL
campo de control de longitud fija 161122q1926 fr a |||| | fre d
245 00 - MENCIÓN DEL TÍTULO
Título Premières notions de sciences
Resto del título : a l'usage des éléves /
Mención de responsabilidad, etc. par une réunion de professeurs.
246 3# - FORMA VARIANTE DEL TITULO
Título propio/Titulo breve Premières notions de sciences
Resto del título : naturelles et physiques
260 ## - PUBLICACIÓN, DISTRIBUCIÓN, ETC.
Lugar de publicación, distribución, etc. Paris :
Nombre del editor, distribuidor, etc. Libr. Générale,
Fecha de publicación, distribución, etc. [1926] (
Lugar de fabricación/manufactura Tours)
300 ## - DESCRIPCIÓN FÍSICA
Extensión X, 252 p. :
Otras características físicas il. ;
Dimensiones 18 cm.
490 1# - MENCIÓN DE SERIE
Mención de serie Collection d'ouvrages classiques
500 ## - NOTA GENERAL
Nota general Índice.
650 #7 - PUNTO DE ACCESO ADICIONAL DE MATERIA--TÉRMINO DE MATERIA
Término de materia o nombre geográfico como elemento de entrada Ciencias-
Subdivisión general Libros de texto
Fuente del encabezamiento o término
9 (RLIN) 162876
830 0# - PUNTO DE ACCESO ADICIONAL DE SERIE-TÍTULO UNIFORME
Título uniforme Collection d'ouvrages classiques
9 (RLIN) 192573
852 ## - LOCALIZACIÓN
Ubicación ES-MaACL
Número de control de estantería L-30873
Nota libre - enc. cart.
Holdings
Estatus retirado Estado de pérdida Estado de daño No para préstamo Biblioteca de origen Biblioteca actual Ubicación en estantería Fecha de adquisición Fuente de adquisición Total de préstamos Signatura topográfica completa Código de barras Visto por última vez Precio de reemplazo Tipo de ítem Koha
        Biblioteca del Ateneo de Madrid Biblioteca del Ateneo de Madrid Depósito 2 22/11/2016     L-30873 1196694 23/02/2023 23/02/2023 Libro impreso